Interfacial Electrokinetics and Electrophoresis /

Kaydedildi:
Detaylı Bibliyografya
Yazar: Delgado, Angel V. (ed.)
Materyal Türü: Kitap
Dil:İngilizce
Baskı/Yayın Bilgisi: Nueva York, EUA : Marcel Dekker, 2002, c2002
Seri Bilgileri:(Surfactant Science Series ; 106)
Konular:
Etiketler: Etiketle
Etiket eklenmemiş, İlk siz ekleyin!

MARC

LEADER 00000nam^a2200000^a^4500
001 000135042
005 20250521000000.0
009 20260310095229.303
020 |a 0-8247-0603-X 
037 |a Acervo ITESO - Biblioteca 
041 |a ING 
082 |a 541. 394  |b DEL 
100 |a Delgado, Angel V.  |e (ed.) 
245 1 0 |a Interfacial Electrokinetics and Electrophoresis /  |c Ed. de A.V. Delgado. 
264 4 |a Nueva York, EUA :  |b Marcel Dekker,  |c 2002, c2002 
300 |a XII, 991 p. 
336 |a texto  |b txt  |2 rdacontenido 
337 |a sin mediación  |b n  |2 rdamedio 
338 |a volumen  |b nc  |2 rdasoporte 
440 1 |a (Surfactant Science Series ;  |v 106) 
649 |a XX 
650 |a Partículas 
650 |a Polímeros 
650 |a Interfases (Fisicoquímica) 
650 |a Capilaridad 
650 |a Electroforesis 
650 |a Tensión Superficial 
650 |a Fenómenos Superficiales 
650 |a Cinética Química 
650 |a Electroquímica 
650 |a Fisicoquímica 
650 |a Química 
910 |a Fondo General 
920 |a Impresos - Libros 
930 |a Colección General 
905 |a 101 
901 |a 0500064008  |b IT1  |c ACC  |u 20250521 
902 |a https://opac.biblio.iteso.mx/vufind/Record/000135042